00649cam a2200181 a 450000100100000000500170001000800410002704000250006808200190009310000420011224500470015425000110020126000550021230000420026750400210030995201220033099900150045200000238020200929150206.0750904s1947 xxua 001 0 eng  aDO-SdBNPbspacBNPHU a635.931bH834b1 aHottes, Alfred Carld1891-1955.9756414aThe book of annuals /cAlfred Carl Hottes. a3a ed. aNew York :bA. T. De La Mare company, inc.,c1947. aviii, 172 p. :bil., tablas ;c20 cm. aIncluye índice 001052708MOaGRbGRcCTd2009-09-22iLF1l0o635.931 H834bp2380-10r2020-06-25w2020-06-25y2ZPréstamo interno c2220d2220